000 00516nam a2200181Ia 4500
003 GCL
008 140319s9999 xx 000 0 ara d
040 _aGCL /
_cGCL
082 0 4 _a891.7
_bت ح
100 1 _aادوار الخراط
245 1 0 _aالحرب والسلام (الجزء الخامس) /
_cادوار الخراط
300 _a131 ص
490 _a100 قصة
_v0
650 0 4 _aالادب
650 0 4 _aالادب الروسى
650 0 4 _aالادب الروسى المترجم
942 _2ddc
_cBK
999 _c46593
_d46593